000
00219nam a22000857a 4500
008
161201b xxu||||| |||| 00| 0 eng d
100
_9
1691
_a
Shamsi,K.N.,etal
245
_a
Computers Update
260
_a
New Delhi
_b
Cordova
_c
2006
999
_c
4403
_d
4403